Análisis de la conducta electoral manifestada durante el periodo 1944-1982 en la republica de Guatemala /

Guardat en:
Dades bibliogràfiques
Autor principal: Rosada Granados, Héctor R.
Format: Text
Etiquetes: Afegir etiqueta
Sense etiquetes, Sigues el primer a etiquetar aquest registre!

MARC

LEADER 00000 a a2200000 04500
001 45329
003
040
090 |a REV0780 (15)1984  
100 |a Rosada Granados, Héctor R.  
245 |a Análisis de la conducta electoral manifestada durante el periodo 1944-1982 en la republica de Guatemala /  |c Héctor R. Rosada Granados  
773 |g número15, III Epoca, (julio - diciembre , 1984), páginas 31-37  
999 |c 23153  |d 23153